[Event "Sparkassen-Open J"]
[Site "Heusenstamm, Martinsee"]
[Date "2017.11.26"]
[Round "1.1"]
[White "Kamleiter, Noah"]
[Black "Schwarz, Daniel"]
[Result "0-1"]
[WhiteElo "1037"]
[BlackElo "1630"]
[PlyCount "58"]
[EventDate "2017.??.??"]
[WhiteTeam "TSV Bindlach"]
[BlackTeam "SG Idstein"]

1. e4 e5 2. Nf3 Nc6 3. Bb5 Nge7 4. Nc3 g6 5. d3 Bg7 6. Bd2 a6 7. Ba4 O-O 8. O-O
d6 9. Qc1 Bg4 10. Ne1 Nd4 11. f3 Be6 12. Bh6 b5 13. Bb3 Bxb3 14. axb3 b4 15.
Qd2 bxc3 16. bxc3 Bxh6 17. Qxh6 Ne2+ 18. Kh1 f5 19. exf5 Nxf5 20. Qd2 Qh4 21.
g4 Nfg3+ 22. Kg2 Nf4+ 23. Kg1 Nge2+ 24. Kh1 Ng3+ 25. Kg1 Nxf1 26. Kxf1 Qh3+ 27.
Kg1 h5 28. gxh5 gxh5 29. Kh1 Qf1# 0-1

[Event "Sparkassen-Open J"]
[Site "Heusenstamm, Martinsee"]
[Date "2017.11.26"]
[Round "1.2"]
[White "Lorenz, Alexander"]
[Black "Tryfon, Konstantin"]
[Result "1-0"]
[WhiteElo "1551"]
[BlackElo "1030"]
[PlyCount "97"]
[EventDate "2017.??.??"]
[WhiteTeam "SV Bergwinkel"]
[BlackTeam "SC Höchst"]

1. e4 e5 2. Nf3 Nc6 3. d4 exd4 4. Bc4 Nf6 5. e5 Ng4 6. Bxf7+ Ke7 7. Bg5+ Nf6 8.
exf6+ gxf6 9. Bxf6+ Kxf6 10. Bb3 Qe7+ 11. Qe2 Qxe2+ 12. Kxe2 Bg7 13. c3 Kg6 14.
Rd1 dxc3 15. Nxc3 d6 16. Rab1 Re8+ 17. Kf1 Bf5 18. Nh4+ Kg5 19. Nxf5 Kxf5 20.
Bc2+ Kf6 21. Nd5+ Kf7 22. Nxc7 Rec8 23. Nxa8 Rxa8 24. Rxd6 Be5 25. Rd7+ Ke6 26.
Rxb7 Bxh2 27. g3 Rf8 28. Rxh7 Bxg3 29. Bb3+ Kd6 30. Rf7 Rxf7 31. Bxf7 Bh4 32.
Kg2 Ne5 33. Rd1+ Ke7 34. Re1 Bf6 35. f4 Bh4 36. Rxe5+ Kxf7 37. Kh3 Bf6 38. Rf5
Kg6 39. Rxf6+ Kxf6 40. Kg4 a5 41. b3 Ke6 42. f5+ Kf6 43. Kf4 Kg7 44. Kg5 Kf7
45. f6 Kf8 46. Kg6 Kg8 47. f7+ Kf8 48. a4 Ke7 49. Kg7 1-0

[Event "Sparkassen-Open J"]
[Site "Heusenstamm, Martinsee"]
[Date "2017.11.26"]
[Round "1.3"]
[White "Welker, Alexandra"]
[Black "Klugstedt, Vincent"]
[Result "0-1"]
[WhiteElo "1009"]
[BlackElo "1684"]
[PlyCount "62"]
[EventDate "2017.??.??"]
[WhiteTeam "TuS Makkabi"]
[BlackTeam "TV Borken"]

1. e4 c5 2. d4 cxd4 3. Qxd4 Nc6 4. Qd1 Nf6 5. Nc3 g6 6. Nf3 d6 7. Bb5 a6 8.
Bxc6+ bxc6 9. e5 Ng4 10. exd6 exd6 11. O-O Bg7 12. Re1+ Ne5 13. Bf4 Bg4 14. h3
Bxf3 15. Qxf3 Qc7 16. Bxe5 dxe5 17. Ne4 O-O 18. Nf6+ Kh8 19. Rad1 Rad8 20. Rxd8
Rxd8 21. Ne4 f5 22. Ng3 Rd2 23. Qc3 Qd6 24. Re2 Rxe2 25. Nxe2 Qd1+ 26. Kh2 Qxe2
27. Qxc6 h6 28. Qxg6 Qxf2 29. c4 e4 30. Qxa6 Be5+ 31. Kh1 Qf1# 0-1

[Event "Sparkassen-Open J"]
[Site "Heusenstamm, Martinsee"]
[Date "2017.11.26"]
[Round "1.4"]
[White "Porstendörfer, Yannik"]
[Black "Scheerer, Amelie"]
[Result "1-0"]
[WhiteElo "1236"]
[BlackElo "957"]
[PlyCount "31"]
[EventDate "2017.??.??"]
[WhiteTeam "SK Klingenberg"]
[BlackTeam "SF Frankfurt"]

1. e4 e5 2. Bc4 Nf6 3. d4 exd4 4. e5 d5 5. Qxd4 Ne4 6. Qxd5 Qxd5 7. Bxd5 Bf5 8.
Bxb7 Bc5 9. Be3 Bxe3 10. fxe3 Nc5 11. Bxa8 O-O 12. Nc3 c6 13. Nf3 Be4 14. Nxe4
Nxe4 15. O-O Rd8 16. Rad1 1-0

[Event "Sparkassen-Open J"]
[Site "Heusenstamm, Martinsee"]
[Date "2017.11.26"]
[Round "1.5"]
[White "Kovalenko, David"]
[Black "Porstendörfer, Eric"]
[Result "0-1"]
[WhiteElo "951"]
[BlackElo "1489"]
[PlyCount "66"]
[EventDate "2017.??.??"]
[WhiteTeam "Düsseldorfer SV"]
[BlackTeam "SK Klingenberg"]

1. d4 d5 2. c4 Nf6 3. Nc3 Nc6 4. e3 a6 5. cxd5 Nxd5 6. Bc4 Nxc3 7. bxc3 b5 8.
Bb3 Bb7 9. a4 Nxd4 10. f3 Nc6 11. Ba3 g6 12. c4 Bg7 13. Rc1 b4 14. Bxb4 Nxb4
15. Ne2 Nd3+ 16. Kf1 Nxc1 17. Qxc1 O-O 18. Kf2 e6 19. Rd1 Qh4+ 20. Kg1 Qg5 21.
Rd7 Bxf3 22. Ng3 Bc6 23. Rxc7 Bd4 24. Kf1 Bxe3 25. Qe1 Qf4+ 26. Ke2 Qxc7 27.
Kxe3 Qe5+ 28. Kf2 Qxe1+ 29. Kxe1 Bxg2 30. Kf2 Bc6 31. Ke3 Rfd8 32. h4 Rab8 33.
Ba2 Bxa4 0-1

[Event "Sparkassen-Open J"]
[Site "Heusenstamm, Martinsee"]
[Date "2017.11.26"]
[Round "1.6"]
[White "Kail, Oliver"]
[Black "Schmidt, Merle"]
[Result "1-0"]
[WhiteElo "1479"]
[BlackElo "936"]
[PlyCount "119"]
[EventDate "2017.??.??"]
[WhiteTeam "SK Klingenberg"]
[BlackTeam "SK Langen"]

1. e4 e5 2. Nf3 Nc6 3. Nc3 Nf6 4. d4 Bb4 5. dxe5 Nxe4 6. Bd2 Nxd2 7. Qxd2 d5 8.
a3 Ba5 9. O-O-O d4 10. Nxd4 Nxd4 11. Qxd4 Qxd4 12. Rxd4 O-O 13. g3 Bf5 14. Nb5
Rfe8 15. f4 c6 16. Nd6 Red8 17. Nxf5 Rxd4 18. Nxd4 Rd8 19. c3 c5 20. Nb3 Bb6
21. Bc4 a5 22. Rd1 Rxd1+ 23. Kxd1 a4 24. Nd2 Bc7 25. b3 axb3 26. Nxb3 b6 27. a4
h6 28. e6 fxe6 29. Bxe6+ Kh7 30. c4 g5 31. f5 Bd8 32. g4 h5 33. gxh5 Kh6 34.
Bf7 g4 35. Ke2 Bc7 36. a5 bxa5 37. Nxc5 Bxh2 38. Kf2 g3+ 39. Kg2 Kg5 40. Bg6
Kf4 41. Ne6+ Kg4 42. c5 a4 43. c6 a3 44. Nc5 a2 45. Nb3 Kf4 46. c7 Bg1 47. c8=Q
Bd4 48. Qc4 Ke3 49. Qb4 a1=Q 50. Nxa1 Bxa1 51. Qe1+ Kf4 52. Qxg3+ Ke4 53. f6+
Kd4 54. Qd3+ Kc5 55. Qa3+ Kd4 56. Qxa1+ Ke3 57. Qc3+ Kf4 58. Qd4+ Kg5 59. Qe5+
Kh6 60. Qf4# 1-0

[Event "Sparkassen-Open J"]
[Site "Heusenstamm, Martinsee"]
[Date "2017.11.26"]
[Round "1.7"]
[White "Fürschbach, Nino Matteo"]
[Black "Wu, Sifan"]
[Result "0-1"]
[WhiteElo "930"]
[BlackElo "1255"]
[PlyCount "116"]
[EventDate "2017.??.??"]
[WhiteTeam "SC Herborn"]
[BlackTeam "SV Oberursel"]

1. e4 e5 2. Nf3 Nc6 3. Bc4 Nf6 4. d3 Be7 5. O-O O-O 6. Be3 d5 7. exd5 Nxd5 8.
Bxd5 Qxd5 9. Nc3 Qd8 10. h3 Re8 11. Qd2 Bf6 12. Bg5 h6 13. Bxf6 Qxf6 14. Nd5
Qd6 15. c4 Be6 16. b3 Bxd5 17. cxd5 Qxd5 18. Rfe1 Rad8 19. Re3 Nd4 20. Qc3 c5
21. Rae1 Nxf3+ 22. gxf3 b6 23. Rxe5 Rxe5 24. Rxe5 Qxf3 25. Re3 Qb7 26. Rg3 f6
27. Qc4+ Kh8 28. Kh2 Re8 29. Qb5 Re2 30. d4 Rxf2+ 31. Kg1 Rxa2 32. Qe8+ Kh7 33.
Qg6+ Kh8 34. Qe8+ Kh7 35. Qg6+ Kg8 36. Qe8+ Kh7 37. Qg6+ Kh8 38. Qe8+ Kh7 39.
Qg6+ Kg8 40. Qe8+ Kh7 41. Qg6+ Kh8 42. Qe8+ Kh7 43. Qg6+ Kh8 44. Qe8+ Kh7 45.
Qg6+ Kg8 46. Qe8+ Kh7 47. Qe1 Rb2 48. dxc5 bxc5 49. Qc3 Rb1+ 50. Kf2 Kh8 51.
Qxc5 Rxb3 52. Rxb3 Qxb3 53. Qxa7 Qxh3 54. Qa8+ Kh7 55. Qe4+ f5 56. Qf4 Qg4 57.
Qxg4 fxg4 58. Kg3 h5 0-1

[Event "Sparkassen-Open J"]
[Site "Heusenstamm, Martinsee"]
[Date "2017.11.26"]
[Round "1.8"]
[White "Althaus, Lennart"]
[Black "Toepfer, Tim"]
[Result "1-0"]
[WhiteElo "1235"]
[BlackElo "910"]
[PlyCount "35"]
[EventDate "2017.??.??"]
[WhiteTeam "TV-Großostheim"]
[BlackTeam "SC Herborn"]

1. e4 e5 2. Nf3 Nc6 3. Bc4 Bc5 4. c3 Nf6 5. d3 d6 6. b4 Nxb4 7. cxb4 Bxb4+ 8.
Bd2 Bc5 9. Qb3 b6 10. Bxf7+ Kf8 11. Ng5 Qe7 12. Bd5 Rb8 13. Nf7 Nxd5 14. Nxh8
Qf6 15. f3 Ne3 16. Bxe3 Bxe3 17. Rf1 Qh4+ 18. g3 1-0

[Event "Sparkassen-Open J"]
[Site "Heusenstamm, Martinsee"]
[Date "2017.11.26"]
[Round "1.9"]
[White "Moldenhauer, Nils"]
[Black "Klaska, Philipp Leon"]
[Result "0-1"]
[WhiteElo "853"]
[BlackElo "1153"]
[PlyCount "60"]
[EventDate "2017.??.??"]
[WhiteTeam "SV Oberursel"]
[BlackTeam "Düsseldorfer SV"]

1. e4 c5 2. Nf3 Nc6 3. d4 cxd4 4. Nxd4 e6 5. Bc4 a6 6. Nc3 Qc7 7. Nf3 Nf6 8.
Bg5 Be7 9. a3 b5 10. Bd3 d6 11. O-O O-O 12. a4 b4 13. Ne2 Bb7 14. Ng3 h6 15.
Bf4 e5 16. Bd2 Rad8 17. c3 bxc3 18. Bxc3 d5 19. Qe2 d4 20. Bd2 a5 21. Ne1 Nb4
22. Nh5 Nxd3 23. Nxd3 Nxe4 24. Qg4 g5 25. Rac1 Qb6 26. Be1 f5 27. Qe2 Bd6 28.
Qf3 Nd2 29. Qd1 Nxf1 30. Kxf1 e4 0-1

[Event "Sparkassen-Open J"]
[Site "Heusenstamm, Martinsee"]
[Date "2017.11.26"]
[Round "1.10"]
[White "Martin, Peter"]
[Black "Grebe, Sabrina"]
[Result "1-0"]
[WhiteElo "1219"]
[BlackElo "811"]
[PlyCount "143"]
[EventDate "2017.??.??"]
[WhiteTeam "SG Trier"]
[BlackTeam "SC Heusenstamm"]

1. e4 e5 2. Nf3 Nc6 3. Bb5 Nf6 4. Nc3 Bc5 5. d3 d6 6. O-O O-O 7. h3 h6 8. Re1
Nd4 9. Be3 c6 10. Bc4 b5 11. Bb3 a5 12. a3 a4 13. Ba2 b4 14. axb4 Bxb4 15. Nxd4
exd4 16. Bxd4 c5 17. Be3 Re8 18. Re2 a3 19. b3 Bxc3 20. Rb1 Be6 21. Bd2 Bb2 22.
c4 d5 23. cxd5 Nxd5 24. exd5 Qxd5 25. Bc1 Bd7 26. Bxb2 Bc6 27. Rxe8+ Rxe8 28.
f3 axb2 29. Rxb2 Qd4+ 30. Rf2 g5 31. Qd2 f5 32. b4+ Kh7 33. bxc5 f4 34. Kh2 h5
35. Bf7 Re5 36. Bxh5 Rxc5 37. Re2 Re5 38. Rxe5 Qxe5 39. d4 Qd6 40. Qd3+ Kg7 41.
Qc4 Qd7 42. Qc5 Kg8 43. Qxg5+ Kf8 44. Qxf4+ Ke7 45. Qg5+ Kf8 46. Qf6+ Kg8 47.
Bf7+ Qxf7 48. Qxc6 Qf4+ 49. Kh1 Qxd4 50. Qg6+ Kf8 51. Qf5+ Ke7 52. Qe4+ Qxe4
53. fxe4 Ke6 54. Kh2 Ke5 55. Kg3 Kxe4 56. Kg4 Ke5 57. Kg5 Ke6 58. Kg6 Ke7 59.
Kg7 Ke6 60. h4 Kf5 61. h5 Kg5 62. h6 Kg4 63. h7 Kg3 64. h8=Q Kxg2 65. Qh4 Kf1
66. Qh2 Ke1 67. Kf6 Kd1 68. Qf2 Kc1 69. Ke5 Kd1 70. Kd4 Kc1 71. Kc3 Kb1 72.
Qb2# 1-0

[Event "Sparkassen-Open J"]
[Site "Heusenstamm, Martinsee"]
[Date "2017.11.26"]
[Round "1.11"]
[White "Prechtl, Felix"]
[Black "Buchholz, Maja"]
[Result "0-1"]
[WhiteElo "798"]
[BlackElo "1178"]
[PlyCount "88"]
[EventDate "2017.??.??"]
[WhiteTeam "VSG Offenbach"]
[BlackTeam "SK Langen"]

1. e4 c5 2. Nc3 g6 3. Bc4 Bg7 4. d3 Nc6 5. Nf3 d6 6. O-O Nf6 7. Nd5 O-O 8.
Nxf6+ Bxf6 9. Qd2 Bg4 10. Qe3 Rb8 11. h3 Bxf3 12. Qxf3 Nd4 13. Qe3 Nxc2 14. Qh6
Nxa1 15. Bg5 Bg7 16. Qh4 Re8 17. Rxa1 Qd7 18. Qf4 e6 19. a4 Bxb2 20. Bb5 Qc7
21. Ra2 Be5 22. Qh4 Rec8 23. f4 Bg7 24. Rf2 Bd4 25. Qh6 Bg7 26. Qh4 a6 27. Bc4
Qa5 28. Rf3 Qxa4 29. f5 Qd7 30. f6 Bf8 31. Bh6 Qe8 32. Rg3 b5 33. Bb3 a5 34.
Rf3 a4 35. Ba2 b4 36. Rf1 b3 37. Rb1 bxa2 38. Ra1 Rb1+ 39. Rxb1 axb1=Q+ 40. Kh2
Qxd3 41. g4 Rb8 42. g5 Rb2+ 43. Kg1 Qb1+ 44. Qe1 Qxe1# 0-1

[Event "Sparkassen-Open J"]
[Site "Heusenstamm, Martinsee"]
[Date "2017.11.26"]
[Round "1.12"]
[White "Schmidt, Jeremy"]
[Black "Miers, Leon"]
[Result "1-0"]
[WhiteElo "1174"]
[BlackElo "795"]
[PlyCount "29"]
[EventDate "2017.??.??"]
[WhiteTeam "SG Rödermark"]
[BlackTeam "SC Herborn"]

1. e4 e5 2. Nf3 Nc6 3. Bc4 Bc5 4. O-O d6 5. h3 Nf6 6. Nc3 O-O 7. d3 Bg4 8. hxg4
Nxg4 9. Ng5 h5 10. Nd5 Ne7 11. Qf3 Nh6 12. Qxh5 c6 13. Nxe7+ Qxe7 14. Qg6 d5
15. Qh7# 1-0

[Event "Sparkassen-Open J"]
[Site "Heusenstamm, Martinsee"]
[Date "2017.11.26"]
[Round "1.13"]
[White "Sadri, Adrian"]
[Black "Scheerer, Julian"]
[Result "0-1"]
[WhiteElo "790"]
[BlackElo "1172"]
[PlyCount "58"]
[EventDate "2017.??.??"]
[WhiteTeam "SC Bad Soden"]
[BlackTeam "SF Frankfurt"]

1. e4 e5 2. Nf3 Nc6 3. Bc4 Bc5 4. d3 h6 5. O-O Nf6 6. Nc3 O-O 7. Nd5 Nxd5 8.
exd5 Nd4 9. Nxe5 d6 10. Ng4 Qh4 11. g3 Qxg4 12. Qxg4 Bxg4 13. Be3 Nxc2 14. Rac1
Nxe3 15. fxe3 Bxe3+ 16. Kg2 Bxc1 17. Rxc1 Rae8 18. d4 a6 19. h3 b5 20. hxg4
bxc4 21. Kf2 f5 22. gxf5 Rxf5+ 23. Kg2 Re2+ 24. Kg1 Rxb2 25. g4 Rxd5 26. Re1
Rxd4 27. Re8+ Kf7 28. Re3 Rd1+ 29. Re1 Rxe1# 0-1

[Event "Sparkassen-Open J"]
[Site "Heusenstamm, Martinsee"]
[Date "2017.11.26"]
[Round "1.14"]
[White "Willand, Mattis"]
[Black "Spelleken, Mark"]
[Result "1-0"]
[WhiteElo "1169"]
[BlackElo "783"]
[PlyCount "67"]
[EventDate "2017.??.??"]
[WhiteTeam "SC FK Babenhausen"]
[BlackTeam "SC Kahl"]

1. e4 e5 2. Nf3 Nc6 3. Bc4 Bc5 4. Nc3 Nd4 5. O-O Nf6 6. Nxe5 b5 7. Bxf7+ Kf8 8.
Bb3 b4 9. Ne2 Ba6 10. d3 Qe7 11. Nxd4 Bxd4 12. Nf3 Bc5 13. Qe2 Bd6 14. Be3 Ng4
15. h3 Nf6 16. Bd4 Nh5 17. Nh2 Qg5 18. Ng4 Nf4 19. Qf3 h5 20. Nh2 Qh4 21. g3
Qxh3 22. gxf4 Qh4 23. Be5 Be7 24. Kh1 Ke8 25. Rg1 d6 26. Bxg7 Rg8 27. Bxg8 Kd7
28. Bd5 c6 29. Bb3 d5 30. exd5 Bc5 31. dxc6+ Kc7 32. Be5+ Kc8 33. Rg8+ Qd8 34.
Be6# 1-0

[Event "Sparkassen-Open J"]
[Site "Heusenstamm, Martinsee"]
[Date "2017.11.26"]
[Round "1.15"]
[White "Mainberger, Jakob"]
[Black "Senko, Daniel"]
[Result "0-1"]
[WhiteElo "779"]
[BlackElo "1158"]
[PlyCount "56"]
[EventDate "2017.??.??"]
[WhiteTeam "SC Kahl"]
[BlackTeam "SC Bad Soden"]

1. d4 d5 2. Bf4 Nf6 3. Nc3 Bf5 4. e3 e6 5. Bb5+ Nbd7 6. Nf3 c5 7. dxc5 Bxc5 8.
O-O O-O 9. Rb1 a6 10. Bd3 Bg6 11. Bxg6 hxg6 12. Ng5 Re8 13. b4 Ba7 14. b5 Rc8
15. Qe1 e5 16. Bg3 d4 17. Nd1 Rxc2 18. bxa6 bxa6 19. exd4 exd4 20. Qb4 Nd5 21.
Qb3 Rc5 22. Qf3 Qxg5 23. Bd6 Ne5 24. Qe4 Ra5 25. Rb7 Re6 26. Bc7 Nxc7 27. Rxa7
Ra3 28. Rxc7 Nf3+ 0-1

[Event "Sparkassen-Open J"]
[Site "Heusenstamm, Martinsee"]
[Date "2017.11.26"]
[Round "1.16"]
[White "Pessotschinski, Lars"]
[Black "Culha, Merve"]
[Result "1-0"]
[WhiteElo "1158"]
[BlackElo "778"]
[PlyCount "43"]
[EventDate "2017.??.??"]
[WhiteTeam "TuS Makkabi"]
[BlackTeam "SC Heusenstamm"]

1. e4 e5 2. Nf3 Nf6 3. Nc3 Nc6 4. d4 d5 5. dxe5 Ng4 6. exd5 Ncxe5 7. Nxe5 Nxe5
8. Bf4 Qf6 9. Bxe5 Qxe5+ 10. Qe2 Bd6 11. Ne4 O-O 12. Nxd6 Qxd6 13. O-O-O Bd7
14. Qh5 h6 15. Re1 Qf4+ 16. Kb1 Bg4 17. Qh4 Rfe8 18. Rxe8+ Rxe8 19. f3 Re1+ 20.
Qxe1 Bf5 21. Qc1 c6 22. Qxf4 1-0

[Event "Sparkassen-Open J"]
[Site "Heusenstamm, Martinsee"]
[Date "2017.11.26"]
[Round "1.17"]
[White "Hain, Julian"]
[Black "Keck, Johannes"]
[Result "0-1"]
[WhiteElo "777"]
[BlackElo "1152"]
[PlyCount "114"]
[EventDate "2017.??.??"]
[WhiteTeam "SC Heusenstamm"]
[BlackTeam "SV Lauf"]

1. e4 g6 2. Bc4 Bg7 3. Nc3 d6 4. Nf3 Nc6 5. d3 Nf6 6. Be3 O-O 7. O-O e5 8. Bg5
h6 9. Be3 Kh8 10. Re1 Nd7 11. Nd5 f5 12. Nh4 Qe8 13. Nxc7 Qd8 14. Nxa8 Qxh4 15.
Nc7 Nf6 16. Ne6 Bxe6 17. Bxe6 f4 18. g3 Qg5 19. h4 Qh5 20. Qxh5 Nxh5 21. Bd2
fxg3 22. fxg3 Nd4 23. Red1 Nxe6 24. Bb4 Nxg3 25. Bxd6 Ne2+ 26. Kg2 N6f4+ 27.
Kf2 Bf6 28. Bxf8 Bxh4+ 29. Kf3 Nd4+ 30. Ke3 Nxc2+ 31. Kd2 Nxa1 32. Rxa1 Bg5 33.
Bc5 Ne6+ 34. Kc3 Nxc5 35. d4 Nxe4+ 36. Kd3 Nf2+ 37. Kc4 exd4 38. Kxd4 Bf6+ 39.
Ke3 Ng4+ 40. Kf4 h5 41. Rf1 Bxb2 42. Kg5 Kg7 43. Rg1 Bf6+ 44. Kf4 Bd4 45. Rd1
Be3+ 46. Kf3 Kf6 47. Re1 h4 48. Rh1 Kg5 49. Rh3 Nf2 50. Rh2 Ng4 51. Rg2 h3 52.
Rxg4+ Kh5 53. Rg3 Kh4 54. Rxg6 h2 55. Kg2 Bg1 56. Kh1 Kh5 57. Kg2 Kxg6 0-1

[Event "Sparkassen-Open J"]
[Site "Heusenstamm, Martinsee"]
[Date "2017.11.26"]
[Round "1.18"]
[White "Schmidt, Boris"]
[Black "Özyar, Arin"]
[Result "1-0"]
[WhiteElo "1149"]
[BlackElo "777"]
[PlyCount "49"]
[EventDate "2017.??.??"]
[WhiteTeam "Düsseldorfer SV"]
[BlackTeam "SC Bad Soden"]

1. e4 e5 2. Nf3 Nc6 3. Bc4 Bc5 4. c3 Nf6 5. d4 exd4 6. cxd4 Bb4+ 7. Bd2 Bxd2+
8. Nbxd2 d5 9. exd5 Nxd5 10. O-O O-O 11. Qb3 Nce7 12. Qd3 Bf5 13. Qb3 Rb8 14.
Rfe1 Re8 15. Re5 c6 16. Rae1 h6 17. Nf1 Qd7 18. Ng3 g6 19. Nh4 Be6 20. Ne4 Nc7
21. Nf6+ Kg7 22. Nxd7 Bxc4 23. Qxc4 Rbd8 24. Rxe7 Rxd7 25. Qxf7+ 1-0

[Event "Sparkassen-Open J"]
[Site "Heusenstamm, Martinsee"]
[Date "2017.11.26"]
[Round "1.19"]
[White "Jäger, Viktoria"]
[Black "Schneider, Ferdinand"]
[Result "0-1"]
[WhiteElo "768"]
[BlackElo "1148"]
[PlyCount "40"]
[EventDate "2017.??.??"]
[WhiteTeam "SC Nidderau"]
[BlackTeam "SF Vonkeln"]

1. e4 e5 2. Nf3 Nc6 3. Bc4 Bc5 4. d3 Nf6 5. Bg5 d6 6. h3 Be6 7. Nc3 Bxc4 8.
dxc4 Qd7 9. O-O O-O-O 10. Nh4 h6 11. Bd2 g5 12. Nf3 Rdg8 13. a4 h5 14. Nb5 g4
15. Nxa7+ Nxa7 16. a5 gxh3 17. a6 hxg2 18. Re1 Qh3 19. axb7+ Kxb7 20. Ra6 Qh1#
0-1

[Event "Sparkassen-Open J"]
[Site "Heusenstamm, Martinsee"]
[Date "2017.11.26"]
[Round "1.20"]
[White "Dixon, Laura Michaela"]
[Black "Niesel, Sebastian"]
[Result "1/2-1/2"]
[WhiteElo "1145"]
[BlackElo "765"]
[PlyCount "88"]
[EventDate "2017.??.??"]
[WhiteTeam "VSG Offenbach"]
[BlackTeam "TuS Makkabi"]

1. e4 e5 2. Nf3 Nc6 3. Bc4 d6 4. Nc3 Nf6 5. d3 Be7 6. O-O O-O 7. h3 h6 8. Nh4
Be6 9. Bb3 Nd4 10. Ne2 Nxb3 11. axb3 Qd7 12. Nf5 Bxf5 13. exf5 Qxf5 14. Ng3 Qe6
15. Qf3 c6 16. Re1 Bd8 17. d4 Bc7 18. Bf4 Rfe8 19. Re2 Re7 20. Rae1 Rae8 21.
dxe5 dxe5 22. Nh5 Nxh5 23. Qxh5 Qg6 24. Qf3 Qf6 25. Bg3 Qg6 26. Qc3 Qf6 27. Qe3
b6 28. c4 c5 29. Qc3 Kh8 30. Re3 Re6 31. Rf3 Qg6 32. Bh2 Kg8 33. Rg3 Qf6 34.
Re4 Qf5 35. Qe3 Rf6 36. Qe2 Rfe6 37. Rf3 Qg5 38. Rg3 Qf5 39. Rf3 Qg5 40. Rg3
Qf5 41. Rf3 Qg5 42. Rg3 Qf5 43. Rf3 Qg5 44. Rg3 Qf5 1/2-1/2

[Event "Sparkassen-Open J"]
[Site "Heusenstamm, Martinsee"]
[Date "2017.11.26"]
[Round "1.21"]
[White "Jonuzi, Lavdim"]
[Black "Meng, Yuxuan"]
[Result "0-1"]
[WhiteElo "758"]
[BlackElo "1140"]
[PlyCount "114"]
[EventDate "2017.??.??"]
[WhiteTeam "SC Nidderau"]
[BlackTeam "SK Sandhausen"]

1. e4 e5 2. Nf3 Nc6 3. Nc3 Nf6 4. Bc4 Nxe4 5. Nxe4 d5 6. Bd3 dxe4 7. Bxe4 f5 8.
Bxc6+ bxc6 9. Nxe5 Qe7 10. f4 g6 11. d3 Bg7 12. d4 O-O 13. O-O c5 14. Be3 Ba6
15. Qc1 Bxf1 16. Qxf1 cxd4 17. Bxd4 c5 18. Qc4+ Kh8 19. Qxc5 Qxc5 20. Bxc5 Rfc8
21. b4 a5 22. c3 Re8 23. Re1 Kg8 24. g3 axb4 25. cxb4 Rxa2 26. Bf2 Rb2 27. Nd3
Rxe1+ 28. Bxe1 Rb3 29. Nf2 Rb1 30. Kf1 Bf8 31. Nd3 Rb3 32. Nc1 Rb1 33. Na2 Ra1
34. Nc3 Bxb4 35. Nd5 Bxe1 36. Nf6+ Kg7 37. Ne8+ Kf8 38. Nd6 Bb4+ 39. Kg2 Bxd6
40. Kf3 Rh1 41. Kg2 Re1 42. Kf2 Re6 43. h4 Be7 44. Kg2 h6 45. Kh3 g5 46. hxg5
hxg5 47. fxg5 Bxg5 48. g4 f4 49. Kg2 Bh4 50. Kf3 Bg3 51. g5 Re3+ 52. Kg4 Kg7
53. Kh5 f3 54. g6 f2 55. Kg5 f1=Q 56. Kh5 Qf3+ 57. Kg5 Re5# 0-1

[Event "Sparkassen-Open J"]
[Site "Heusenstamm, Martinsee"]
[Date "2017.11.25"]
[Round "2.1"]
[White "Schwarz, Daniel"]
[Black "Scheerer, Julian"]
[Result "1-0"]
[WhiteElo "1630"]
[BlackElo "1172"]
[PlyCount "89"]
[EventDate "2017.??.??"]
[WhiteTeam "SG Idstein"]
[BlackTeam "SF Frankfurt"]

1. e4 e5 2. Nf3 Nc6 3. Bc4 Bc5 4. Nc3 Nf6 5. d3 h6 6. Be3 Bb6 7. Qd2 d6 8. h3
Be6 9. Bb3 Nd4 10. O-O-O Nxb3+ 11. axb3 Qd7 12. d4 exd4 13. Nxd4 O-O-O 14. Nxe6
Bxe3 15. Qxe3 fxe6 16. Qxa7 Qc6 17. Qa8+ Kd7 18. Qa4 Qxa4 19. bxa4 Kc8 20. Rhe1
g5 21. e5 dxe5 22. Rxe5 Rhe8 23. Rxd8+ Kxd8 24. Ne4 Nd7 25. Rb5 Kc8 26. Nc5
Nxc5 27. Rxc5 Rf8 28. f3 Re8 29. Kd2 Kd7 30. Rb5 Kc6 31. b4 e5 32. Rc5+ Kd6 33.
Ke3 Ra8 34. a5 b6 35. Rb5 bxa5 36. Rxa5 Rb8 37. c3 c6 38. Ke4 Rb5 39. Ra8 Rd5
40. Rd8+ Ke6 41. Rxd5 cxd5+ 42. Ke3 Kf5 43. b5 Ke6 44. c4 Kd6 45. cxd5 1-0

[Event "Sparkassen-Open J"]
[Site "Heusenstamm, Martinsee"]
[Date "2017.11.25"]
[Round "2.2"]
[White "Keck, Johannes"]
[Black "Lorenz, Alexander"]
[Result "0-1"]
[WhiteElo "1152"]
[BlackElo "1551"]
[PlyCount "52"]
[EventDate "2017.??.??"]
[WhiteTeam "SV Lauf"]
[BlackTeam "SV Bergwinkel"]

1. e4 c5 2. Nf3 d6 3. d4 cxd4 4. Nxd4 Nf6 5. Nc3 g6 6. f4 Bg7 7. Be3 Nc6 8. Nf3
O-O 9. Bd3 Ng4 10. Qd2 Nxe3 11. Qxe3 Bg4 12. O-O Bxf3 13. Rxf3 Bd4 14. Re1
Bxe3+ 15. Rexe3 Qb6 16. b3 Qa5 17. Nd5 Qxa2 18. Kf2 e6 19. Nf6+ Kg7 20. e5 dxe5
21. fxe5 Nd4 22. Rh3 h6 23. g4 Nxc2 24. Re2 Rac8 25. Bc4 Qb1 26. Rc3 Nd4 0-1

[Event "Sparkassen-Open J"]
[Site "Heusenstamm, Martinsee"]
[Date "2017.11.25"]
[Round "2.3"]
[White "Klugstedt, Vincent"]
[Black "Willand, Mattis"]
[Result "1-0"]
[WhiteElo "1684"]
[BlackElo "1169"]
[PlyCount "55"]
[EventDate "2017.??.??"]
[WhiteTeam "TV Borken"]
[BlackTeam "SC FK Babenhausen"]

1. d4 d5 2. c4 c6 3. Nc3 Nf6 4. Bf4 Bf5 5. Qb3 Qd7 6. cxd5 Nxd5 7. Nxd5 cxd5 8.
Bxb8 Rxb8 9. e4 a6 10. exf5 Qxf5 11. Bd3 Qg5 12. Bxa6 e6 13. Bb5+ Kd8 14. Bf1
Bd6 15. Nf3 Qe7 16. a3 Qc7 17. Bd3 Ke7 18. O-O h5 19. Rac1 Qd7 20. Bb5 Qd8 21.
Ne5 Qg8 22. Rfe1 g5 23. Nd7 Rd8 24. Qxd5 g4 25. Qxb7 h4 26. Ne5+ Kf6 27. Rc3 g3
28. Rf3+ 1-0

[Event "Sparkassen-Open J"]
[Site "Heusenstamm, Martinsee"]
[Date "2017.11.25"]
[Round "2.4"]
[White "Schweizer, Michael"]
[Black "Schmidt, Boris"]
[Result "1-0"]
[WhiteElo "1462"]
[BlackElo "1149"]
[PlyCount "161"]
[EventDate "2017.??.??"]
[WhiteTeam "TuS Makkabi"]
[BlackTeam "Düsseldorfer SV"]

1. e4 c5 2. Nf3 e6 3. d4 cxd4 4. Nxd4 Nf6 5. Nc3 Bb4 6. Bd3 Nc6 7. Nxc6 dxc6 8.
Bd2 O-O 9. O-O Qc7 10. Ne2 Bd6 11. Ng3 c5 12. c4 e5 13. Bg5 Be7 14. Bxf6 Bxf6
15. Ne2 Qb6 16. b3 Be7 17. Nc3 Rd8 18. Nd5 Qd6 19. Bc2 b6 20. Re1 Bb7 21. Qd3
Kh8 22. Qf3 Bxd5 23. exd5 f6 24. Qe4 g6 25. Qh4 f5 26. Qg3 Bf6 27. Re2 Qe7 28.
Rae1 e4 29. Qf4 Bc3 30. Rd1 g5 31. Qxf5 Rf8 32. Qxe4 Qf7 33. f3 Bd4+ 34. Kh1
Rae8 35. Qd3 Rxe2 36. Qxe2 Re8 37. Be4 Qh5 38. Qd2 Be5 39. h3 Bf4 40. Qc3+ Be5
41. Qd3 Qh4 42. Kg1 Bd4+ 43. Kh1 Qg3 44. Qf1 Rf8 45. Qe1 Bf2 46. Qe2 g4 47. Rf1
Bd4 48. fxg4 Rxf1+ 49. Qxf1 Kg7 50. Bf3 Be5 51. Qg1 Bd4 52. Qc1 Be5 53. Qg1 Bd4
54. Qc1 Be5 55. Kg1 Qh2+ 56. Kf2 Qg3+ 57. Ke2 Bf4 58. Qc3+ Be5 59. Qe3 Kf6 60.
Qh6+ Kf7 61. Qxh7+ Bg7 62. Qh5+ Kf6 63. Qf5+ Ke7 64. Qe6+ Kd8 65. Qg8+ Kd7 66.
Qxg7+ Kd8 67. Qf6+ Kd7 68. d6 Qxd6 69. Qxd6+ Kxd6 70. Ke3 Ke6 71. Kf4 Kf6 72.
h4 Ke6 73. g5 Kf7 74. Kf5 Kg7 75. g6 Kf8 76. Kf6 Kg8 77. g7 a6 78. Bd5+ Kh7 79.
Kf7 Kh6 80. g8=Q Kh5 81. Qg5# 1-0

[Event "Sparkassen-Open J"]
[Site "Heusenstamm, Martinsee"]
[Date "2017.11.25"]
[Round "2.5"]
[White "Schneider, Ferdinand"]
[Black "Porstendörfer, Yannik"]
[Result "0-1"]
[WhiteElo "1148"]
[BlackElo "1236"]
[PlyCount "60"]
[EventDate "2017.??.??"]
[WhiteTeam "SF Vonkeln"]
[BlackTeam "SK Klingenberg"]

1. e4 d5 2. exd5 Nf6 3. d4 Nxd5 4. c4 Nf6 5. Nc3 e5 6. dxe5 Qxd1+ 7. Nxd1 Bb4+
8. Nc3 Ne4 9. Bd2 Bxc3 10. Bxc3 Nxc3 11. bxc3 Nc6 12. f4 Bf5 13. Nf3 O-O-O 14.
Be2 h6 15. O-O Bd3 16. Bxd3 Rxd3 17. Rac1 Rhd8 18. Kf2 Na5 19. c5 Nc4 20. Ke2
Re3+ 21. Kf2 Rdd3 22. Rfe1 Rxe1 23. Kxe1 Re3+ 24. Kf2 Re4 25. g3 g5 26. fxg5
hxg5 27. Nxg5 Rxe5 28. Nxf7 Rf5+ 29. Kg2 Rxf7 30. Rh1 Ne3+ 0-1